| 000 | 00574nam a2200217Ia 4500 | ||
|---|---|---|---|
| 003 | OSt | ||
| 005 | 20220924133433.0 | ||
| 006 | a|||||r|||| 00| 0 | ||
| 007 | ta | ||
| 008 | 220923b |||||||| |||| 00| 0 snd d | ||
| 024 | _a265315 | ||
| 037 | _cTextual | ||
| 040 |
_aARTS _cARTS _bsnd |
||
| 041 |
_2snd _asnd |
||
| 082 | _aO1593,6, M5 | ||
| 100 |
_aBhagwandas Kessumal Daultani Hosh _9206476 |
||
| 245 | 0 | _aSindhi shair aine chhand | |
| 260 | _c1985 | ||
| 942 |
_hO1593,6, M5 _cTEXL _2CC |
||
| 999 |
_c433854 _d433854 |
||